| 000 -LEADER | |
|---|---|
| fixed length control field | 00372nam a22001217a 4500 |
| 020 ## - INTERNATIONAL STANDARD BOOK NUMBER | |
| ISBN | N/A |
| 050 ## - LIBRARY OF CONGRESS CALL NUMBER | |
| Classification number | BS 1199.P45 las |
| 100 ## - MAIN ENTRY--AUTHOR NAME | |
| Personal name | LASOR, William Sanford |
| 245 ## - TITLE STATEMENT | |
| Title | Great personalities of the Old testament: their lives and times |
| 260 ## - PUBLICATION, DISTRIBUTION, ETC. (IMPRINT) | |
| Place of publication | London |
| Name of publisher | Fleming H. Revell Company |
| Year of publication | 1946 |
| 300 ## - PHYSICAL DESCRIPTION | |
| Number of Pages | 192p.;includes,bibliographical references & index |
| 942 ## - ADDED ENTRY ELEMENTS (KOHA) | |
| Koha item type | Books |
| Koha item type | Collection code | Shelving location | Accession Number | Permanent Location | Current Location | Date acquired | Full call number |
|---|---|---|---|---|---|---|---|
| Books | Lending | Lending | 7182 | Chapman Library | Chapman Library | 2018-05-18 | BS 1199.P45 las |

